000 00615 a2200157 4500
003 Nust
005 20170207154215.0
040 _cNust
082 _a378.4
245 _aStaffordshire Uni -UG Prospectus 2001
_cStaffordshire Uni
260 _aStaffordshire
_bStaffordshire Uni
_c2001
300 _a316 p.
505 _aWhat Were about (page-4) Where to Find us (page-8) What Happening (page-18) What you Learn (page-28) How you Learn (page-36) Helping Learn (page-38) When you Graduate (page-44) What,s Essential (page-60) Course Directory (page-76)
538 _aAlmirah No. 117 Shelf No. 2
650 _aUG Prospectus
942 _2ddc
_cBK
999 _c195079
_d195079